Antioxidáns (BHT) kimutatása és meghatározása sertészsírban

Elmentve itt :
Bibliográfiai részletek
Szerzők: Sárosi Herbert
Aczél Attila
Kormos Judit
Dokumentumtípus: Cikk
Megjelent: 1974
Sorozat:Tudományos közlemények 4
Online Access:http://acta.bibl.u-szeged.hu/20929
LEADER 00660nab a2200193 i 4500
001 acta20929
005 20210225152229.0
008 161015s1974 hu o 0|| hun d
022 |a 0200-1381 
040 |a SZTE Egyetemi Kiadványok Repozitórium  |b hun 
041 |a hun 
100 1 |a Sárosi Herbert 
245 1 0 |a Antioxidáns (BHT) kimutatása és meghatározása sertészsírban  |h [elektronikus dokumentum] /  |c  Sárosi Herbert 
260 |c 1974 
300 |a 47-54 
490 0 |a Tudományos közlemények  |v 4 
700 0 1 |a Aczél Attila  |e aut 
700 0 1 |a Kormos Judit  |e aut 
856 4 0 |u http://acta.bibl.u-szeged.hu/20929/1/szef_tudkozl_004_047-054.pdf  |z Dokumentum-elérés